[Event "TUR Cup"]
[Site "Denizli"]
[Date "2023.07.20"]
[Round "7"]
[White "Tolon, Adman Devran"]
[Black "Eryigit, Yakup"]
[Result "0-1"]
[WhiteElo "1820"]
[BlackElo "2025"]
[PlyCount "74"]
[EventDate "2023.07.16"]
[EventType "team-tourn"]
[EventRounds "9"]
[EventCountry "TUR"]
[SourceTitle "CBM 215 Extra"]
[Source "ChessBase"]
[SourceDate "2023.09.30"]
[SourceVersion "1"]
[SourceVersionDate "2023.09.30"]
[SourceQuality "1"]

1. Nf3 g6 2. g3 Bg7 3. Bg2 d6 4. 0-0 e5 5. d3 Nc6 6. e4 Bg4 7. Nbd2 Qd7 8. c3 h5 9. Qb3 0-0-0 10. Ng5 Bh6 11. f3 Bxg5 12. fxg4 Be3+ 13. Kh1 Nh6 14. g5 Bxg5 15. Nf3 Bxc1 16. Raxc1 Rdg8 17. Ng5 f5 18. exf5 gxf5 19. Bd5 Na5 20. Qb4 Rxg5 21. Qxa5 Kb8 22. c4 c6 23. Bf3 h4 24. gxh4 Rg7 25. Qe1 Qe7 26. Rc2 f4 27. Rg1 Rxg1+ 28. Qxg1 Qxh4 29. Be4 Rg8 30. Rg2 Rxg2 31. Qxg2 Ng4 32. Bf3 Nf2+ 33. Kg1 Nxd3 34. Qg8+ Kc7 35. Qf7+ Kb6 36. c5+ Kxc5 37. b4+ Kd4 0-1

[Event "TUR Cup"]
[Site "Denizli"]
[Date "2023.07.19"]
[Round "5"]
[White "Seyrek, Dilsat"]
[Black "Eryigit, Yakup"]
[Result "0-1"]
[WhiteElo "1587"]
[BlackElo "2025"]
[PlyCount "63"]
[EventDate "2023.07.16"]
[EventType "team-tourn"]
[EventRounds "9"]
[EventCountry "TUR"]
[SourceTitle "CBM 215 Extra"]
[Source "ChessBase"]
[SourceDate "2023.09.30"]
[SourceVersion "1"]
[SourceVersionDate "2023.09.30"]
[SourceQuality "1"]

1. Nf3 Nf6 2. g3 d5 3. d4 e6 4. Bg2 Be7 5. 0-0 0-0 6. b3 b5 7. c4 b4 8. c5 a5 9. a3 Ba6 10. Ne5 Nfd7 11. f4 Nxe5 12. fxe5 Nc6 13. Re1 bxa3 14. Nxa3 Rb8 15. e3 Nb4 16. Bf1 Qc8 17. Nc2 Nc6 18. Ra3 Bxf1 19. Rxf1 Rb5 20. Qd3 Qb7 21. Bd2 Rb8 22. Rfa1 h6 23. Bxa5 Nxa5 24. Rxa5 Rxb3 25. Qa6 Rb1+ 26. Kf2 Qb2 27. Qd3 Qc1 28. Rxb1 Rxb1 29. Ra8+ Bf8 30. Ra3 Qg1+ 31. Kf3 Rf1+ 32. Kg4 0-1

[Event "TUR Cup"]
[Site "Denizli"]
[Date "2023.07.18"]
[Round "4"]
[White "Eryigit, Yakup"]
[Black "Dogan, Mire Deniz"]
[Result "0-1"]
[WhiteElo "2025"]
[BlackElo "2079"]
[PlyCount "76"]
[EventDate "2023.07.16"]
[EventType "team-tourn"]
[EventRounds "9"]
[EventCountry "TUR"]
[SourceTitle "CBM 215 Extra"]
[Source "ChessBase"]
[SourceDate "2023.09.30"]
[SourceVersion "1"]
[SourceVersionDate "2023.09.30"]
[SourceQuality "1"]

1. Nf3 d5 2. g3 Nf6 3. Bg2 e6 4. 0-0 c5 5. d3 Nc6 6. Nbd2 Bd7 7. e4 d4 8. c3 b5 9. cxd4 cxd4 10. Nb3 Qb6 11. Bg5 Rc8 12. Rc1 a5 13. a3 a4 14. Na1 h6 15. Bxf6 gxf6 16. Nc2 h5 17. Nh4 Bc5 18. f4 Ke7 19. Qe2 Na5 20. Nb4 Nc4 21. f5 Bxb4 22. axb4 Ne3 23. fxe6 Bxe6 24. Rfe1 Rc7 25. Bh1 Rhc8 26. Rxc7+ Qxc7 27. Qxh5 Bg4 28. Nf5+ Bxf5 29. exf5 Qe5 30. Qf3 Rc2 31. Rb1 Kf8 32. Qe4 Qd6 33. Qh4 Kg7 34. g4 Qf4 35. Qg3 Rxb2 36. Ra1 Qxg3+ 37. hxg3 Nc2 38. Rc1 a3 0-1

[Event "TUR Cup"]
[Site "Denizli"]
[Date "2023.07.17"]
[Round "2"]
[White "Eryigit, Yakup"]
[Black "Koc, Ilkay"]
[Result "1-0"]
[WhiteElo "2025"]
[BlackElo "1958"]
[PlyCount "57"]
[EventDate "2023.07.16"]
[EventType "team-tourn"]
[EventRounds "9"]
[EventCountry "TUR"]
[SourceTitle "CBM 215 Extra"]
[Source "ChessBase"]
[SourceDate "2023.09.30"]
[SourceVersion "1"]
[SourceVersionDate "2023.09.30"]
[SourceQuality "1"]

1. Nf3 Nf6 2. g3 e6 3. Bg2 d5 4. 0-0 Be7 5. c4 0-0 6. b3 c5 7. Bb2 Nc6 8. e3 b6 9. Qe2 Ba6 10. d3 Qc7 11. Nc3 Rad8 12. Rac1 Qb8 13. Rfd1 Bb7 14. d4 dxc4 15. bxc4 Na5 16. Ne5 Nd7 17. Nxd7 Rxd7 18. d5 Ba6 19. Nb5 Rfd8 20. dxe6 Rxd1+ 21. Rxd1 Rxd1+ 22. Qxd1 Nxc4 23. exf7+ Kf8 24. Bxg7+ Kxf7 25. Bc3 Bxb5 26. Qh5+ Kf8 27. Bd5 Nd6 28. Be5 Qc7 29. Bf4 1-0

[Event "Istanbul op-A"]
[Site "Istanbul"]
[Date "2018.09.08"]
[Round "9"]
[White "Aydin, Kaan Ayhan"]
[Black "Eryigit, Yakup"]
[Result "1/2-1/2"]
[WhiteElo "1877"]
[BlackElo "2030"]
[PlyCount "87"]
[EventDate "2018.09.02"]
[EventType "swiss"]
[EventRounds "9"]
[EventCountry "TUR"]
[SourceTitle "CBM 186 Extra"]
[Source "ChessBase"]
[SourceDate "2018.08.24"]
[SourceVersion "1"]
[SourceVersionDate "2018.08.24"]
[SourceQuality "1"]

1. e4 c5 2. Nf3 d6 3. d4 cxd4 4. Nxd4 Nf6 5. Nc3 a6 6. Rg1 e5 7. Nb3 Be6 8. g4 Nc6 9. g5 Nd7 10. Be3 Be7 11. Qd2 0-0 12. h4 f5 13. exf5 Rxf5 14. Bh3 a5 15. a3 a4 16. Nc1 g6 17. h5 Qf8 18. Nd5 Bd8 19. Ne2 Ra5 20. Bxf5 Qxf5 21. Ng3 Qf7 22. hxg6 hxg6 23. Nf6+ Nxf6 24. gxf6 d5 25. 0-0-0 Bxf6 26. Nh5 Bh8 27. Bb6 Rb5 28. Qh6 Bf5 29. Be3 d4 30. Bd2 Bxc2 31. Rg3 Bf5 32. Rdg1 Ne7 33. Bb4 Rb6 34. Bxe7 Qxe7 35. Rxg6+ Rxg6 36. Rxg6+ Bxg6 37. Qxg6+ Bg7 38. Ng3 Qf7 39. Qc2 Qf3 40. Qf5 Bh6+ 41. Kc2 Qc6+ 42. Kd3 Bf4 43. Ne4 Qb5+ 44. Kc2 1/2-1/2

[Event "Istanbul op-A"]
[Site "Istanbul"]
[Date "2018.09.07"]
[Round "8"]
[White "Eryigit, Yakup"]
[Black "Darban Vaighani, Morteza"]
[Result "0-1"]
[WhiteElo "2030"]
[BlackElo "2333"]
[PlyCount "98"]
[EventDate "2018.09.02"]
[EventType "swiss"]
[EventRounds "9"]
[EventCountry "TUR"]
[SourceTitle "CBM 186 Extra"]
[Source "ChessBase"]
[SourceDate "2018.08.24"]
[SourceVersion "1"]
[SourceVersionDate "2018.08.24"]
[SourceQuality "1"]

1. Nf3 g6 2. e4 d6 3. d4 Bg7 4. Bc4 Nc6 5. 0-0 Nf6 6. Qe2 Bg4 7. Rd1 e5 8. c3 Qe7 9. d5 Nd8 10. h3 Bd7 11. Bb5 c6 12. Ba4 0-0 13. c4 cxd5 14. Bxd7 dxe4 15. Ng5 Qxd7 16. Nc3 Nc6 17. Be3 Ne8 18. Ngxe4 f5 19. Nc5 Qf7 20. Nb3 e4 21. Nb5 Ne5 22. c5 d5 23. Bf4 a6 24. Nc3 Nc7 25. Rac1 Rad8 26. Nd4 Ne6 27. Nxe6 Qxe6 28. Bg5 Rd7 29. Na4 f4 30. c6 bxc6 31. Nc5 Qf5 32. Nxd7 Qxd7 33. Qxa6 h6 34. b4 hxg5 35. b5 cxb5 36. Qb6 Nc4 37. Qxg6 Qf5 38. Qc6 d4 39. a4 e3 40. axb5 Nb2 41. Rc5 Nxd1 42. Rxf5 Rxf5 43. b6 exf2+ 44. Kf1 Re5 45. Qc8+ Kh7 46. Qc2+ Kh6 47. Qc6+ Kh5 48. Qf3+ Kg6 49. Qd3+ Kh6 0-1

[Event "Istanbul op-A"]
[Site "Istanbul"]
[Date "2018.09.03"]
[Round "3"]
[White "Bagaturov, Giorgi"]
[Black "Eryigit, Yakup"]
[Result "1-0"]
[WhiteElo "2396"]
[BlackElo "2030"]
[PlyCount "87"]
[EventDate "2018.09.02"]
[EventType "swiss"]
[EventRounds "9"]
[EventCountry "TUR"]
[SourceTitle "CBM 186 Extra"]
[Source "ChessBase"]
[SourceDate "2018.08.24"]
[SourceVersion "1"]
[SourceVersionDate "2018.08.24"]
[SourceQuality "1"]

1. d4 d5 2. c4 e6 3. Nf3 Nf6 4. Nc3 a6 5. e3 Nbd7 6. b3 b6 7. Bd3 Bb7 8. 0-0 Bd6 9. Qe2 Ne4 10. Bb2 0-0 11. a3 f5 12. b4 c5 13. cxd5 exd5 14. dxc5 bxc5 15. bxc5 Ndxc5 16. Rfd1 Qc7 17. Rac1 Rad8 18. Bb1 Kh8 19. Ba2 Nxc3 20. Bxc3 Qe7 21. Bd4 Ne4 22. a4 f4 23. Bb1 fxe3 24. Bxe3 Rde8 25. Bd3 Qf6 26. Bxe4 Rxe4 27. Rd4 Rfe8 28. Qb2 R4e7 29. Qb1 h6 30. Rg4 Bc8 31. Rg6 Qf8 32. Nh4 Bf4 33. Rgc6 Bxe3 34. Ng6+ Kg8 35. fxe3 Bf5 36. Nxe7+ Rxe7 37. Qb3 Be4 38. Rc8 Re8 39. Qb8 Bg6 40. Rxe8 Bxe8 41. Rc8 Kf7 42. Qf4+ Kg8 43. Qe5 Kf7 44. Qxd5+ 1-0

[Event "Serik op"]
[Site "Serik"]
[Date "2017.05.20"]
[Round "8"]
[White "Eryigit, Yakup"]
[Black "Kucuk, Dogan"]
[Result "1-0"]
[WhiteElo "2044"]
[BlackElo "2082"]
[PlyCount "75"]
[EventDate "2017.05.16"]
[EventType "swiss"]
[EventRounds "9"]
[EventCountry "TUR"]
[SourceTitle "CBM 178 Extra"]
[Source "ChessBase"]
[SourceDate "2017.06.22"]
[SourceVersion "1"]
[SourceVersionDate "2017.06.22"]
[SourceQuality "1"]

1. Nf3 Nf6 2. c4 d6 3. g3 g6 4. Bg2 Bg7 5. 0-0 0-0 6. Nc3 c6 7. Rb1 d5 8. cxd5 Nxd5 9. e4 Nb6 10. d3 e5 11. Be3 Na6 12. b4 Bg4 13. b5 cxb5 14. Nxb5 Nc8 15. Qb3 b6 16. Qa3 Nc7 17. Nxc7 Qxc7 18. Rfc1 Qd7 19. Qc3 Qe6 20. Ng5 Qe7 21. h3 Bd7 22. Nf3 Nd6 23. Qa3 Rfc8 24. Nd2 Bf8 25. Rxc8 Nxc8 26. Qxe7 Bxe7 27. f4 f6 28. fxe5 fxe5 29. Nc4 Bf6 30. Rc1 Kf7 31. d4 exd4 32. e5 Rb8 33. Bf4 Bg5 34. Bxg5 Be6 35. Nd6+ Nxd6 36. exd6 Ke8 37. Bc6+ Kf7 38. d7 1-0

[Event "Serik op"]
[Site "Serik"]
[Date "2017.05.17"]
[Round "2"]
[White "Eryigit, Yakup"]
[Black "Sivuk, Vitaly"]
[Result "0-1"]
[WhiteElo "2044"]
[BlackElo "2520"]
[PlyCount "100"]
[EventDate "2017.05.16"]
[EventType "swiss"]
[EventRounds "9"]
[EventCountry "TUR"]
[SourceTitle "CBM 178 Extra"]
[Source "ChessBase"]
[SourceDate "2017.06.22"]
[SourceVersion "1"]
[SourceVersionDate "2017.06.22"]
[SourceQuality "1"]

1. Nf3 Nf6 2. c4 b6 3. g3 Bb7 4. Bg2 g6 5. 0-0 Bg7 6. Nc3 0-0 7. d4 Ne4 8. Nxe4 Bxe4 9. Be3 d6 10. Qd2 c5 11. Bh6 Nd7 12. Bxg7 Kxg7 13. Ne1 Bxg2 14. Nxg2 Nf6 15. Rfe1 Qc7 16. Rac1 Qb7 17. d5 b5 18. e4 bxc4 19. Rxc4 Rfb8 20. b3 Nd7 21. f4 a5 22. Ne3 a4 23. bxa4 Qb2 24. Re2 Qxd2 25. Rxd2 Nb6 26. Rc3 Rxa4 27. e5 Rd4 28. Rcd3 Rb4 29. exd6 exd6 30. Rb3 Rxb3 31. axb3 Ra8 32. Kf2 h5 33. h3 Kf6 34. g4 Ra1 35. g5+ Ke7 36. f5 gxf5 37. Nxf5+ Kd7 38. Ne3 Rb1 39. Ra2 Nc8 40. Ra3 h4 41. Kf3 Rg1 42. Ng2 Rd1 43. Nf4 Rg1 44. Ng2 Kd8 45. Ra4 Rb1 46. Ra3 Nb6 47. Nxh4 Nxd5 48. Nf5 Kd7 49. h4 Rf1+ 50. Kg4 Rf4+ 0-1

[Event "Manavgat Turkey Cup"]
[Site "Manavgat"]
[Date "2016.02.04"]
[Round "9"]
[White "Ates, Mehmet Aziz"]
[Black "Eryigit, Yakup"]
[Result "0-1"]
[WhiteElo "1610"]
[BlackElo "1941"]
[PlyCount "56"]
[EventDate "2016.01.30"]
[EventType "swiss"]
[EventRounds "11"]
[EventCountry "TUR"]
[SourceTitle "CBM 170 Extra"]
[Source "ChessBase"]
[SourceDate "2016.02.25"]
[SourceVersion "1"]
[SourceVersionDate "2016.02.25"]
[SourceQuality "1"]

1. b3 Nf6 2. Bb2 g6 3. e3 Bg7 4. c4 0-0 5. Nf3 d6 6. Be2 Nbd7 7. Nc3 c6 8. 0-0 e5 9. d4 e4 10. Nd2 Re8 11. Qc2 Qe7 12. Rfe1 Nf8 13. h3 h5 14. Kh2 Bf5 15. Rh1 N8h7 16. Bd1 Bh6 17. Ne2 h4 18. g4 Bxg4 19. hxg4 Nxg4+ 20. Kg2 Bxe3 21. Nxe4 Bxf2 22. Bc1 Ne3+ 23. Bxe3 Bxe3 24. Kf3 Bh6 25. N2c3 Ng5+ 26. Nxg5 Qxg5 27. Ne2 Rxe2 28. Kxe2 Qg2+ 0-1

[Event "Manavgat Turkey Cup"]
[Site "Manavgat"]
[Date "2016.02.04"]
[Round "8"]
[White "Eryigit, Yakup"]
[Black "Gokcen, Fatih"]
[Result "1-0"]
[WhiteElo "1941"]
[BlackElo "1781"]
[PlyCount "89"]
[EventDate "2016.01.30"]
[EventType "swiss"]
[EventRounds "11"]
[EventCountry "TUR"]
[SourceTitle "CBM 170 Extra"]
[Source "ChessBase"]
[SourceDate "2016.02.25"]
[SourceVersion "1"]
[SourceVersionDate "2016.02.25"]
[SourceQuality "1"]

1. d4 Nf6 2. Bg5 Ne4 3. Bf4 d5 4. e3 c5 5. Bd3 Qa5+ 6. c3 Nf6 7. Nd2 cxd4 8. exd4 Bg4 9. Qb3 Qb6 10. Ngf3 Bxf3 11. Nxf3 Nbd7 12. Qc2 e6 13. Qe2 h6 14. 0-0 Be7 15. a4 a6 16. a5 Qd8 17. Ne5 Nxe5 18. dxe5 Nd7 19. Qg4 g5 20. Bd2 Nxe5 21. Qe2 Nxd3 22. Qxd3 Qd6 23. b4 e5 24. Rfe1 e4 25. Qh3 Qe6 26. Qh5 0-0-0 27. Qe2 f5 28. Be3 Bd6 29. Bd4 Rhe8 30. b5 Bc7 31. Reb1 f4 32. Bb6 f3 33. Qf1 Qg4 34. g3 axb5 35. Rxb5 Re6 36. Bxc7 Kxc7 37. Rab1 Rc6 38. Rxb7+ Kd6 39. R1b6 Rxb6 40. Rxb6+ Ke5 41. h3 Qc8 42. Kh2 Qxc3 43. Rxh6 Qxa5 44. Qc1 Qa7 45. Qxg5+ 1-0

[Event "Manavgat Turkey Cup"]
[Site "Manavgat"]
[Date "2016.01.30"]
[Round "1"]
[White "Ikizler, Metin"]
[Black "Eryigit, Yakup"]
[Result "0-1"]
[WhiteElo "1669"]
[BlackElo "1941"]
[PlyCount "62"]
[EventDate "2016.01.30"]
[EventType "swiss"]
[EventRounds "11"]
[EventCountry "TUR"]
[SourceTitle "CBM 170 Extra"]
[Source "ChessBase"]
[SourceDate "2016.02.25"]
[SourceVersion "1"]
[SourceVersionDate "2016.02.25"]
[SourceQuality "1"]

1. d4 Nf6 2. c4 e6 3. Nc3 Bb4 4. Bd2 0-0 5. e3 b6 6. Nf3 Bb7 7. a3 Bxc3 8. Bxc3 d6 9. Qc2 Ne4 10. Bd3 f5 11. 0-0-0 Nd7 12. Rdf1 Ndf6 13. h3 Qe7 14. Rhg1 a5 15. Nd2 c5 16. f3 Nxc3 17. Qxc3 d5 18. Kb1 Rac8 19. Qb3 Nd7 20. f4 Kh8 21. g4 cxd4 22. exd4 Qf6 23. Nf3 dxc4 24. Bxc4 Bxf3 25. Rxf3 Qxd4 26. Rd1 Qe4+ 27. Ka2 Nc5 28. Re3 Nxb3 29. Rxe4 Nc1+ 30. Rxc1 fxe4 31. Kb3 b5 0-1

[Event "TUR-ch"]
[Site "Kemer"]
[Date "2012.01.29"]
[Round "2"]
[White "Eryigit, Yakup"]
[Black "Dogan, Ali Ekber"]
[Result "0-1"]
[WhiteElo "1856"]
[BlackElo "2159"]
[PlyCount "44"]
[EventDate "2012.01.29"]
[EventType "swiss"]
[EventRounds "10"]
[EventCountry "TUR"]
[SourceTitle "CBM 146 Extra"]
[Source "ChessBase"]
[SourceDate "2012.02.29"]
[SourceVersion "1"]
[SourceVersionDate "2012.02.29"]
[SourceQuality "1"]

1. e4 e6 2. d4 d5 3. Nc3 Nf6 4. e5 Nfd7 5. f4 c5 6. Nf3 Nc6 7. Be3 Be7 8. Qd2 0-0 9. 0-0-0 c4 10. f5 b5 11. Bg5 b4 12. Nb5 exf5 13. Bxe7 Nxe7 14. Nd6 Qa5 15. Kb1 Nb6 16. h4 Na4 17. Qf4 Rb8 18. Ka1 Be6 19. Nd2 Nc3 20. bxc3 bxc3 21. Bxc4 dxc4 22. N2xc4 Qa4 0-1

[Event "TUR-ch rapid"]
[Site "Datca"]
[Date "2011.08.21"]
[Round "5"]
[White "Eryigit, Yakup"]
[Black "Bulgurlu, Hakan"]
[Result "1-0"]
[WhiteElo "1856"]
[BlackElo "1804"]
[PlyCount "52"]
[EventDate "2011.08.19"]
[EventType "swiss (rapid)"]
[EventRounds "7"]
[EventCountry "TUR"]
[SourceTitle "CBM 144 Extra"]
[Source "ChessBase"]
[SourceDate "2011.10.28"]
[SourceVersion "1"]
[SourceVersionDate "2011.10.28"]
[SourceQuality "1"]

1. e4 e6 2. d4 d5 3. Nc3 Nf6 4. e5 Nfd7 5. f4 c5 6. Nf3 Nc6 7. Be3 Qb6 8. Qd2 cxd4 9. Nxd4 Nxd4 10. Bxd4 Bc5 11. Na4 Qb4 12. Nxc5 Qxd2+ 13. Kxd2 0-0 14. Bd3 b6 15. Nxd7 Bxd7 16. g4 Rae8 17. Rae1 Rb8 18. f5 Rb7 19. h4 Rc7 20. h5 b5 21. f6 Rfc8 22. g5 a5 23. g6 h6 24. fxg7 Kxg7 25. Ref1 Be8 26. Be3 Kg8 1-0